<?xml version="1.0" encoding="UTF-8"?>
<record
    xmlns:xsi="http://www.w3.org/2001/XMLSchema-instance"
    xsi:schemaLocation="http://www.loc.gov/MARC21/slim http://www.loc.gov/standards/marcxml/schema/MARC21slim.xsd"
    xmlns="http://www.loc.gov/MARC21/slim">

  <leader>06927namaa22004451i 4500</leader>
  <controlfield tag="003">EG-GICUC</controlfield>
  <controlfield tag="005">20260426115233.0</controlfield>
  <controlfield tag="008">260411s2025    ua a|||frm||| 000 0 eng d</controlfield>
  <datafield tag="040" ind1=" " ind2=" ">
    <subfield code="a">EG-GICUC</subfield>
    <subfield code="b">eng</subfield>
    <subfield code="c">EG-GICUC</subfield>
    <subfield code="d">EG-GICUC</subfield>
    <subfield code="e">rda</subfield>
  </datafield>
  <datafield tag="041" ind1="0" ind2=" ">
    <subfield code="a">eng</subfield>
    <subfield code="b">eng</subfield>
    <subfield code="b">ara</subfield>
  </datafield>
  <datafield tag="049" ind1=" " ind2=" ">
    <subfield code="a">Deposit</subfield>
  </datafield>
  <datafield tag="082" ind1="0" ind2="4">
    <subfield code="a">634.62</subfield>
  </datafield>
  <datafield tag="092" ind1=" " ind2=" ">
    <subfield code="a">634.62</subfield>
    <subfield code="2">21</subfield>
  </datafield>
  <datafield tag="097" ind1=" " ind2=" ">
    <subfield code="a">M.Sc</subfield>
  </datafield>
  <datafield tag="099" ind1=" " ind2=" ">
    <subfield code="a">Cai01.07.09.M.Sc.2025.Me.P</subfield>
  </datafield>
  <datafield tag="100" ind1="0" ind2=" ">
    <subfield code="a">Mennatalh Abdelhakem Hassan,</subfield>
    <subfield code="e">preparation.</subfield>
  </datafield>
  <datafield tag="245" ind1="1" ind2="0">
    <subfield code="a">Production and evaluation of new products from some dates /</subfield>
    <subfield code="c">by Mennatalh Abdelhakem Hassan ; Supervisors Dr. Abd El-Rahman M. Khalaf-Allah, Dr. Tarek Gamal Abedelmaksoud, Dr. Mostafa Taha Mohammady Assous. </subfield>
  </datafield>
  <datafield tag="246" ind1="1" ind2="5">
    <subfield code="a">&#x627;&#x646;&#x62A;&#x627;&#x62C; &#x648;&#x62A;&#x642;&#x64A;&#x64A;&#x645; &#x645;&#x646;&#x62A;&#x62C;&#x627;&#x62A; &#x62C;&#x62F;&#x64A;&#x62F;&#x647; &#x645;&#x646; &#x628;&#x639;&#x636; &#x623;&#x635;&#x646;&#x627;&#x641; &#x627;&#x644;&#x628;&#x644;&#x62D; </subfield>
  </datafield>
  <datafield tag="264" ind1=" " ind2="0">
    <subfield code="c">2025.</subfield>
  </datafield>
  <datafield tag="300" ind1=" " ind2=" ">
    <subfield code="a">91 pages :</subfield>
    <subfield code="b">illustrations ; </subfield>
    <subfield code="c">25 cm. + </subfield>
    <subfield code="e">CD.</subfield>
  </datafield>
  <datafield tag="336" ind1=" " ind2=" ">
    <subfield code="a">text</subfield>
    <subfield code="2">rda content</subfield>
  </datafield>
  <datafield tag="337" ind1=" " ind2=" ">
    <subfield code="a">Unmediated</subfield>
    <subfield code="2">rdamedia</subfield>
  </datafield>
  <datafield tag="338" ind1=" " ind2=" ">
    <subfield code="a">volume</subfield>
    <subfield code="2">rdacarrier</subfield>
  </datafield>
  <datafield tag="502" ind1=" " ind2=" ">
    <subfield code="a">Thesis (M.Sc)-Cairo University, 2025.</subfield>
  </datafield>
  <datafield tag="504" ind1=" " ind2=" ">
    <subfield code="a">Bibliography: pages 52-70. </subfield>
  </datafield>
  <datafield tag="520" ind1=" " ind2="3">
    <subfield code="a">This study aimed to evaluate the physical, chemical, microbiological, and sensory 
characteristics of nectar produced from four Egyptian date cultivars: Barhi, Samani, and 
Zaghloul (rutab dates at the Khalal stage), and Siwi (semi-dry dates). It also investigated 
the volatile compound composition of these dates. The nectar was processed at different 
pH levels (4.5, 5.0, 5.5, and 6.0) with a total soluble solids concentration of ~15.5% and 
stored at 4&#xB0;C for six months. The date nectars were evaluated sensory, color 
characteristics, sugar content, total phenolic, flavonoids, antioxidant activity, and 
microbiological evaluation after processing and during storage period. Sensory evaluation 
results showed that the best acceptability of nectar produced from Barhi, Samani, and 
Zaghloul was achieved at pH 6.0, while Siwi date nectar achieved the highest values at 
pH 5.5. The results showed no significant differences in total soluble solids, pH, and 
acidity between Barhi, Samani, Zaghloul, and Siwi nectars. However, significant 
differences were observed in color characteristics, with Barhi nectar recording the highest 
levels of brightness (L*) and yellowness (b*), while Siwi nectar recorded the highest 
values in redness (a*), total phenolic and flavonoid content, and antioxidant activity 
during storage. A slight decrease was observed in total sugars, while reducing sugars and 
microorganism counts increased slightly, but remained within acceptable limits. The 
volatile compounds of date cultivars (Barhi, Samani, and Zaghloul) at the Khalal stage 
and Siwi (semi-dry) at the Tamr stage were analyzed using solid phase micro extraction 
(SPME) and gas chromatography-mass spectrometry (GC&#x2013;MS). 69 volatile aromatic 
compounds were identified, including aldehydes, alcohols, esters, ketones, terpenoids, 
ethers, and hydrocarbons. Barhi dates were characterized by high levels of aldehydes, 
ketones, ethers, and esters, while Zaghloul recorded high levels of aldehydes and ethers. 
Samani was characterized by ketones and esters, while Siwi contained 48 aromatic 
compounds, including aldehydes, ethers, and ketones. Among the main compounds that 
contributed to the distinctive flavors of the wet cultivars were &#x3B2;-(Z)-2-butenal and &#x3B2;-
methyl ionone. These results demonstrate the effect of pH on nectar quality and the 
variation in nutritional and aromatic properties between different varieties. This 
maximizes the use of Egyptian dates in the production of high-quality nectar products with 
a distinctive flavor, which contributes to enhancing the use of these rutab and semi-dry 
varieties in the food industry </subfield>
  </datafield>
  <datafield tag="520" ind1=" " ind2="3">
    <subfield code="a">&#x62A;&#x647;&#x62F;&#x641; &#x647;&#x630;&#x647; &#x627;&#x644;&#x62F;&#x631;&#x627;&#x633;&#x629; &#x625;&#x644;&#x649; &#x62A;&#x642;&#x64A;&#x64A;&#x645; &#x627;&#x644;&#x62E;&#x635;&#x627;&#x626;&#x635; &#x627;&#x644;&#x641;&#x64A;&#x632;&#x64A;&#x627;&#x626;&#x64A;&#x629; &#x648;&#x627;&#x644;&#x643;&#x64A;&#x645;&#x64A;&#x627;&#x626;&#x64A;&#x629; &#x648;&#x627;&#x644;&#x645;&#x64A;&#x643;&#x631;&#x648;&#x628;&#x64A;&#x648;&#x644;&#x648;&#x62C;&#x64A;&#x629; &#x648;&#x627;&#x644;&#x62D;&#x633;&#x64A;&#x629; &#x644;&#x644;&#x646;&#x643;&#x62A;&#x627;&#x631; &#x627;&#x644;&#x645;&#x646;&#x62A;&#x62C; &#x645;&#x646; &#x623;&#x631;&#x628;&#x639;&#x629; &#x623;&#x635;&#x646;&#x627;&#x641; &#x645;&#x635;&#x631;&#x64A;&#x629; &#x645;&#x646; &#x627;&#x644;&#x62A;&#x645;&#x648;&#x631; &#x631;&#x637;&#x628;&#x629; &#x641;&#x64A; &#x645;&#x631;&#x62D;&#x644;&#x629; &#x627;&#x644;&#x62E;&#x644;&#x627;&#x644;)  &#x648; &#x62A;&#x645;&#x648;&#x631; &#x646;&#x635;&#x641; &#x62C;&#x627;&#x641;&#x629; . &#x628;&#x627;&#x644;&#x625;&#x636;&#x627;&#x641;&#x629; &#x625;&#x644;&#x649; &#x62A;&#x631;&#x643;&#x64A;&#x628; &#x627;&#x644;&#x645;&#x631;&#x643;&#x628;&#x627;&#x62A; &#x627;&#x644;&#x645;&#x62A;&#x637;&#x627;&#x64A;&#x631;&#x629; &#x644;&#x647;&#x630;&#x647; &#x627;&#x644;&#x62A;&#x645;&#x648;&#x631;. &#x62A;&#x645; &#x62A;&#x635;&#x646;&#x64A;&#x639; &#x627;&#x644;&#x646;&#x643;&#x62A;&#x627;&#x631; &#x639;&#x646;&#x62F; &#x62F;&#x631;&#x62C;&#x627;&#x62A; &#x645;&#x62E;&#x62A;&#x644;&#x641;&#x629; &#x645;&#x646; &#x627;&#x644;&#x631;&#x642;&#x645; &#x627;&#x644;&#x647;&#x64A;&#x62F;&#x631;&#x648;&#x62C;&#x64A;&#x646;&#x64A; &#x648; &#x62A;&#x631;&#x643;&#x64A;&#x632;&#x627;&#x644;&#x645;&#x648;&#x627;&#x62F; &#x627;&#x644;&#x635;&#x644;&#x628;&#x629; &#x627;&#x644;&#x632;&#x627;&#x626;&#x628;&#x629; 15.5% &#x648;&#x627;&#x644;&#x62D;&#x641;&#x638; &#x639;&#x644;&#x649; &#x62F;&#x631;&#x62C;&#x629; &#x62D;&#x631;&#x627;&#x631;&#x629; 4&#x202F;&#xB0;&#x645; &#x644;&#x645;&#x62F;&#x629; &#x633;&#x62A;&#x629; &#x623;&#x634;&#x647;&#x631;. &#x62A;&#x645; &#x62A;&#x642;&#x64A;&#x64A;&#x645; &#x627;&#x644;&#x646;&#x643;&#x62A;&#x627;&#x631; &#x627;&#x644;&#x62A;&#x645;&#x631; &#x62D;&#x633;&#x64A;&#x64B;&#x627; &#x648;&#x641;&#x632;&#x64A;&#x627;&#x626;&#x64A;&#x627; &#x648;&#x643;&#x64A;&#x645;&#x64A;&#x627;&#x626;&#x64A;&#x627; &#x648;&#x645;&#x64A;&#x643;&#x631;&#x648;&#x628;&#x64A;&#x648;&#x644;&#x648;&#x62C;&#x649; &#x628;&#x639;&#x62F; &#x627;&#x644;&#x62A;&#x635;&#x646;&#x64A;&#x639; &#x645;&#x628;&#x627;&#x634;&#x631;&#x629; &#x648;&#x627;&#x62B;&#x646;&#x627;&#x621; &#x641;&#x62A;&#x631;&#x627;&#x62A; &#x627;&#x644;&#x62A;&#x62E;&#x632;&#x64A;&#x646; .&#x623;&#x638;&#x647;&#x631;&#x62A; &#x646;&#x62A;&#x627;&#x626;&#x62C; &#x623;&#x641;&#x636;&#x644; &#x62F;&#x631;&#x62C;&#x629; &#x642;&#x628;&#x648;&#x644; &#x644;&#x644;&#x646;&#x643;&#x62A;&#x627;&#x631; &#x627;&#x644;&#x645;&#x646;&#x62A;&#x62C; &#x645;&#x646; &#x627;&#x644;&#x628;&#x631;&#x62D;&#x64A; &#x648; &#x627;&#x644;&#x633;&#x645;&#x627;&#x646;&#x64A;  &#x648;&#x627;&#x644;&#x632;&#x63A;&#x644;&#x648;&#x644; &#x643;&#x627;&#x646;&#x62A; &#x639;&#x646;&#x62F; pH 6.0 &#x628;&#x64A;&#x646;&#x645;&#x627; &#x62D;&#x642;&#x642; &#x646;&#x643;&#x62A;&#x627;&#x631; &#x627;&#x644;&#x62A;&#x645;&#x631; &#x627;&#x644;&#x633;&#x64A;&#x648;&#x649; &#x623;&#x639;&#x644;&#x649; &#x627;&#x644;&#x642;&#x64A;&#x645; &#x639;&#x646;&#x62F;  pH 5.5  . &#x62A;&#x645; &#x62A;&#x62D;&#x644;&#x64A;&#x644; &#x627;&#x644;&#x645;&#x631;&#x643;&#x628;&#x627;&#x62A; &#x627;&#x644;&#x645;&#x62A;&#x637;&#x627;&#x64A;&#x631;&#x629; &#x644;&#x644;&#x623;&#x635;&#x646;&#x627;&#x641; &#x627;&#x644;&#x62A;&#x645;&#x631; &#x641;&#x649; &#x645;&#x631;&#x62D;&#x644;&#x629; &#x627;&#x644;&#x62A;&#x645;&#x631; &#x628;&#x627;&#x633;&#x62A;&#x62E;&#x62F;&#x627;&#x645; &#x62A;&#x642;&#x646;&#x64A;&#x629; &#x627;&#x644;&#x627;&#x633;&#x62A;&#x62E;&#x644;&#x627;&#x635; &#x627;&#x644;&#x62F;&#x642;&#x64A;&#x642; &#x627;&#x644;&#x637;&#x648;&#x631;&#x64A; &#x627;&#x644;&#x635;&#x644;&#x628;   (SPME) &#x648;&#x627;&#x644;&#x62C;&#x647;&#x627;&#x632; &#x627;&#x644;&#x643;&#x631;&#x648;&#x645;&#x648;&#x62A;&#x648;&#x62C;&#x631;&#x627;&#x641;&#x64A;&#x627; &#x627;&#x644;&#x63A;&#x627;&#x632;&#x649; &#x627;&#x644;&#x645;&#x62A;&#x635;&#x644; &#x628;&#x645;&#x637;&#x64A;&#x627;&#x641; &#x627;&#x644;&#x643;&#x62A;&#x644;&#x629;   (GC&#x2013;MS) &#x62A;&#x645; &#x62A;&#x62D;&#x62F;&#x64A;&#x62F;   69 &#x645;&#x631;&#x643;&#x628;&#x64B;&#x627; &#x639;&#x637;&#x631;&#x64A;&#x64B;&#x627; &#x645;&#x62A;&#x637;&#x627;&#x64A;&#x631;&#x64B;&#x627; &#x648; &#x634;&#x645;&#x644;&#x62A; &#x627;&#x644;&#x623;&#x644;&#x62F;&#x647;&#x64A;&#x62F;&#x627;&#x62A; &#x648; &#x627;&#x644;&#x643;&#x62D;&#x648;&#x644;&#x64A;&#x627;&#x62A; &#x648; &#x627;&#x644;&#x625;&#x633;&#x62A;&#x631;&#x627;&#x62A; &#x648; &#x627;&#x644;&#x643;&#x64A;&#x62A;&#x648;&#x646;&#x627;&#x62A; &#x648; &#x627;&#x644;&#x62A;&#x631;&#x628;&#x64A;&#x646;&#x648;&#x64A;&#x62F;&#x627;&#x62A; &#x648; &#x627;&#x644;&#x625;&#x64A;&#x62B;&#x631;&#x627;&#x62A; &#x648; &#x648;&#x627;&#x644;&#x647;&#x64A;&#x62F;&#x631;&#x648;&#x643;&#x631;&#x628;&#x648;&#x646;&#x627;&#x62A;. &#x645;&#x646; &#x628;&#x64A;&#x646; &#x627;&#x644;&#x645;&#x631;&#x643;&#x628;&#x627;&#x62A; &#x627;&#x644;&#x631;&#x626;&#x64A;&#x633;&#x64A;&#x629; &#x627;&#x644;&#x62A;&#x64A; &#x633;&#x627;&#x647;&#x645;&#x62A; &#x641;&#x64A; &#x62A;&#x645;&#x64A;&#x64A;&#x632;&#x627;&#x644;&#x646;&#x643;&#x647;&#x627;&#x62A; &#x641;&#x649; &#x627;&#x644;&#x627;&#x635;&#x646;&#x627;&#x641; &#x627;&#x644;&#x631;&#x637;&#x628;&#x629;  &#x645;&#x631;&#x643;&#x628;&#x627; &#x3B2;-(Z)-2-butenal &#x648; &#x3B2;-methyl ionone. .&#x62A;&#x648;&#x636;&#x62D;  &#x647;&#x630;&#x647; &#x627;&#x644;&#x646;&#x62A;&#x627;&#x626;&#x62C; &#x62A;&#x623;&#x62B;&#x64A;&#x631; &#x627;&#x644;&#x631;&#x642;&#x645; &#x627;&#x644;&#x647;&#x64A;&#x62F;&#x631;&#x648;&#x62C;&#x64A;&#x646;&#x64A; &#x639;&#x644;&#x649; &#x62C;&#x648;&#x62F;&#x629; &#x627;&#x644;&#x646;&#x643;&#x62A;&#x627;&#x631; &#x648;&#x627;&#x644;&#x62A;&#x628;&#x627;&#x64A;&#x646; &#x641;&#x64A; &#x627;&#x644;&#x62E;&#x635;&#x627;&#x626;&#x635; &#x627;&#x644;&#x63A;&#x630;&#x627;&#x626;&#x64A;&#x629; &#x648;&#x627;&#x644;&#x639;&#x637;&#x631;&#x64A;&#x629; &#x628;&#x64A;&#x646; &#x627;&#x644;&#x623;&#x635;&#x646;&#x627;&#x641; &#x627;&#x644;&#x645;&#x62E;&#x62A;&#x644;&#x641;&#x629;  &#x62A;&#x639;&#x638;&#x64A;&#x645;  &#x627;&#x644;&#x627;&#x633;&#x62A;&#x641;&#x627;&#x62F;&#x629; &#x645;&#x646; &#x627;&#x644;&#x62A;&#x645;&#x648;&#x631; &#x627;&#x644;&#x645;&#x635;&#x631;&#x64A;&#x629; &#x641;&#x64A; &#x62A;&#x635;&#x646;&#x64A;&#x639; &#x645;&#x646;&#x62A;&#x62C;&#x627;&#x62A; &#x646;&#x643;&#x62A;&#x627;&#x631; &#x639;&#x627;&#x644;&#x64A;&#x629; &#x627;&#x644;&#x62C;&#x648;&#x62F;&#x629; &#x648; &#x646;&#x643;&#x647;&#x629; &#x645;&#x645;&#x64A;&#x632;&#x629; &#x645;&#x645;&#x627; &#x64A;&#x633;&#x627;&#x647;&#x645; &#x641;&#x64A; &#x62A;&#x639;&#x632;&#x64A;&#x632; &#x627;&#x644;&#x627;&#x633;&#x62A;&#x641;&#x627;&#x62F;&#x629; &#x645;&#x646; &#x647;&#x630;&#x647; &#x627;&#x644;&#x623;&#x635;&#x646;&#x627;&#x641; &#x627;&#x644;&#x631;&#x637;&#x628;&#x629; &#x648;&#x627;&#x644;&#x646;&#x635;&#x641; &#x62C;&#x627;&#x641;&#x629; &#x641;&#x64A; &#x627;&#x644;&#x635;&#x646;&#x627;&#x639;&#x627;&#x62A; &#x627;&#x644;&#x63A;&#x630;&#x627;&#x626;&#x64A;&#x629;.</subfield>
  </datafield>
  <datafield tag="530" ind1=" " ind2=" ">
    <subfield code="a">Issues also as CD.</subfield>
  </datafield>
  <datafield tag="546" ind1=" " ind2=" ">
    <subfield code="a">Text in English and abstract in Arabic &amp; English.</subfield>
  </datafield>
  <datafield tag="650" ind1=" " ind2="0">
    <subfield code="a">Date</subfield>
  </datafield>
  <datafield tag="650" ind1=" " ind2="0">
    <subfield code="a">&#x627;&#x644;&#x628;&#x644;&#x62D; </subfield>
  </datafield>
  <datafield tag="653" ind1=" " ind2="1">
    <subfield code="a">Date</subfield>
    <subfield code="a">Nectar</subfield>
    <subfield code="a">Barhi</subfield>
    <subfield code="a">Samani</subfield>
    <subfield code="a">Zaghloul</subfield>
    <subfield code="a">Siwi</subfield>
    <subfield code="a">Volatile compound</subfield>
    <subfield code="a">date  cultivars</subfield>
    <subfield code="a">SPME</subfield>
    <subfield code="a">GC&#x2013;MS analysis</subfield>
    <subfield code="a">&#x627;&#x644;&#x628;&#x644;&#x62D;  </subfield>
    <subfield code="a">&#x62A;&#x645;&#x631;</subfield>
  </datafield>
  <datafield tag="700" ind1="0" ind2=" ">
    <subfield code="a">Abd El-Rahman M. Khalaf-Allah</subfield>
    <subfield code="e">thesis advisor.</subfield>
  </datafield>
  <datafield tag="700" ind1="0" ind2=" ">
    <subfield code="a">Tarek Gamal Abedelmaksoud</subfield>
    <subfield code="e">thesis advisor.</subfield>
  </datafield>
  <datafield tag="700" ind1="0" ind2=" ">
    <subfield code="a">Mostafa Taha Mohammady Assous</subfield>
    <subfield code="e">thesis advisor.</subfield>
  </datafield>
  <datafield tag="900" ind1=" " ind2=" ">
    <subfield code="b">01-01-2025</subfield>
    <subfield code="c">Abd El-Rahman M. Khalaf-Allah</subfield>
    <subfield code="c">Tarek Gamal Abedelmaksoud</subfield>
    <subfield code="c">Mostafa Taha Mohammady Assous</subfield>
    <subfield code="d">Khaled Fahmy Mahmoud</subfield>
    <subfield code="d">Sayed Saad Smuda</subfield>
    <subfield code="U">Cairo University</subfield>
    <subfield code="F">Faculty of Agriculture  </subfield>
    <subfield code="D">Department of Food Science  </subfield>
  </datafield>
  <datafield tag="905" ind1=" " ind2=" ">
    <subfield code="a">Shimaa</subfield>
    <subfield code="e">Eman Ghareb</subfield>
  </datafield>
  <datafield tag="942" ind1=" " ind2=" ">
    <subfield code="2">ddc</subfield>
    <subfield code="c">TH</subfield>
    <subfield code="e">21</subfield>
    <subfield code="n">0</subfield>
  </datafield>
  <datafield tag="999" ind1=" " ind2=" ">
    <subfield code="c">179399</subfield>
  </datafield>
  <datafield tag="952" ind1=" " ind2=" ">
    <subfield code="2">ddc</subfield>
    <subfield code="9">316454</subfield>
    <subfield code="a">CUCL</subfield>
    <subfield code="b">cl210</subfield>
    <subfield code="d">2026-04-11</subfield>
    <subfield code="i">93746</subfield>
    <subfield code="o">Cai01.07.09.M.Sc.2025.Me.P</subfield>
    <subfield code="p">01010110093746000</subfield>
    <subfield code="r">2026-04-11 21:58:19</subfield>
    <subfield code="w">2026-04-11</subfield>
    <subfield code="y">TH</subfield>
  </datafield>
</record>
